03_岩手県の市町村(ひらがな対応・五十音順) - Statistics

General Stats
  • This quiz has been taken 65 times
  • The average score is 27 of 33
Answer Stats
種類 市町村名 % Correct
一関市
100%
盛岡市
100%
一戸町
97%
奥州市
97%
大船渡市
97%
二戸市
97%
久慈市
94%
花巻市
94%
陸前高田市
94%
北上市
91%
八幡平市
91%
岩手町
88%
遠野市
88%
釜石市
85%
平泉町
85%
宮古市
85%
九戸村
82%
紫波町
82%
矢巾町
82%
山田町
82%
岩泉町
79%
金ケ崎町
76%
雫石町
76%
滝沢市
76%
大槌町
74%
田野畑村
74%
普代村
74%
野田村
71%
住田町
68%
西和賀町
68%
軽米町
65%
洋野町
65%
葛巻町
56%
No matching quizzes found
Score Distribution
Percent of People with Each Score
Percentile by Number Answered
Your Score History
You have not taken this quiz